COLLEGE ALGEBRA REAL MATHEMATICS REAL PEOPLE (Record no. 185709)

MARC details
000 -LEADER
fixed length control field 00480nam a2200193Ia 4500
003 - CONTROL NUMBER IDENTIFIER
control field OSt
005 - DATE AND TIME OF LATEST TRANSACTION
control field 20250912112751.0
020 ## - INTERNATIONAL STANDARD BOOK NUMBER
International Standard Book Number 978-1-133-04664-6
040 ## - CATALOGING SOURCE
Transcribing agency LC
050 ## - LIBRARY OF CONGRESS CALL NUMBER
Classification number QA 152.3 .L 37 2011
Item number 3
100 ## - MAIN ENTRY--PERSONAL NAME
Personal name LARSON, RON
245 #0 - TITLE STATEMENT
Title COLLEGE ALGEBRA REAL MATHEMATICS REAL PEOPLE
250 ## - EDITION STATEMENT
Edition statement 6
260 ## - PUBLICATION, DISTRIBUTION, ETC.
Name of publisher, distributor, etc. CENGAGE LEARNING,
Date of publication, distribution, etc. 2011,
Place of publication, distribution, etc. BELMONT,
300 ## - PHYSICAL DESCRIPTION
Extent Xii, 564 P, ILL
500 ## - GENERAL NOTE
General note INCLUDES INDEX
650 ## - SUBJECT ADDED ENTRY--TOPICAL TERM
Topical term or geographic name entry element Algebra-Textbooks
942 ## - ADDED ENTRY ELEMENTS (KOHA)
Koha item type Long Loan Book
Source of classification or shelving scheme Library of Congress Classification
Suppress in OPAC No
Holdings
Withdrawn status Lost status Source of classification or shelving scheme Damaged status Not for loan Collection Home library Current library Shelving location Date acquired Inventory number Total checkouts Full call number Barcode Date last seen Copy number Price effective from Koha item type
    Library of Congress Classification     Science & Technology Kisii University Library Kisii University Library On Display 09/15/2023 70628   QA 152.3 .L37 2011 000000018432 09/15/2023 C.3 09/15/2023 Long Loan Book